Pohľad do minulosti má čo povedať aj dnešnej generácii

Bibliographic Details
Main Author: Marová, Marta (Author, Photographer)
Format: Article
Language:Slovak
PhysicalDescription:Fotogr.
Subjects:

MARC

LEADER 00000nab a2200000 ar4500
001 vtls009005958
003 SK-MaSNL
005 20260303065718.0
008 070710c2007 xo wr|p|||||||000 b|slo
038 |a PPPK 
040 |a PPPKCL  |b slo  |c PPPK  |e AACR2 
041 0 |a slo 
044 |a xo  |c SK 
080 |a 061.237-057.75  |2 1997 
080 |a 061.4  |2 1997 
245 0 0 |a Pohľad do minulosti má čo povedať aj dnešnej generácii  |c [autor] (mar) ; foto Marta Marová 
300 |b Fotogr. 
610 2 7 |a Klub dôchodcov Xenon (Poprad, Slovensko)  |2 pppkcl  |9 1038278 
611 2 7 |a Pohľad do minulosti  |d (2007 :  |c Poprad, Slovensko)  |2 pppkcl  |9 1066140 
648 7 |a 2007  |2 pppkcl  |9 313226 
650 0 7 |a kluby dôchodcov  |2 pppkcl  |9 14343 
650 0 7 |a výstavy  |2 pppkcl  |9 2780 
651 7 |a Poprad (Slovensko)  |2 pppkcl  |9 20155 
700 1 |a Marová, Marta  |4 pht  |4 aut  |9 526962 
773 0 |t Poprad : noviny občanov mesta  |g Roč. XVIII, č. 44 (2007), s. 2 
852 |a PPPK  |b KIS3GCP 
999 |c 1752320  |d 1754250